000 00617cam a22002411 4500
001 sa 68001942
003 DLC
005 20260227112438.0
008 900912s1964 ii a 000 0 hino
010 _asa 68001942
035 _a(OCoLC)22365993
040 _aDLC
_cWaU
_dDLC
042 _apremarc
050 0 0 _aPK2057
_b.S443
100 0 _aŚekha Gulāba.
245 1 0 _aPanḍuvānī.
260 _c1964.
300 _a2 v.
_billus.
_c23 cm.
440 0 _aParadhāna-gītakathā-mālā,
_v1-2
500 _aIn Hindi.
650 0 _aFolk songs, Hindi.
700 1 _aNaik, T. B.
_q(Thakorlal Bharabhai),
_d1922-
999 _c78334
_d78334